Ultimate Directioner Quiz - Statistics

General Stats
  • This quiz has been taken 275 times
  • The average score is 14 of 15
Answer Stats
QUESTIONS 1st letter missing letter missing letter missing letter missing letter missing letter Answer % Correct
Whos birthday is on Christmas Eve? l / / / / // Louis
98%
Who was the first to leave the band? z / / / / / Zayn
98%
how many albums do they have? f / // // / // 5
96%
Dj _____ m / // / // / Malik
95%
Where did their boy band days begin? x / / / / / The X-Factor
94%
debut album? u // / // / / up all night
94%
Who grew up in Holmes Chapel? h / / / / / Harry Styles
92%
Who is the youngest? h / / / / / Harry Styles
92%
Who is Irish? n / / / / / Niall Horan
92%
What Nickelodeon Show did they Guest Star on? i / / / / / iCarly
91%
Who is the Oldest? l / / / / // Louis Tomlinson
90%
Which member was the latest to release a solo album? ( quiz was made in march 2021) l / / // // // Louis Tomlinson
90%
Nialls nickname? n / // / / / Nialler
86%
What nickname is harry given by fans and the boys? h / // / // / Hazza
83%
What are these lyrics from, 'who's this shadow holding me hostage, i've been here for days' s / / / / / Stockholm Syndrome
76%
No matching quizzes found
Score Distribution
Percent of People with Each Score
Percentile by Number Answered
Your Score History
You have not taken this quiz